Pohrajme sa s diktátikmi v prvom ročníku ZŠ pomôcka pre učiteľa i rodiča : pracovný zošit pre žiaka

Bibliographic Details
Main Author: Svobodová, Margita (Author)
Other Authors: Bleisteiner, Wolfgang (Illustrator), Svoboda, Aleš ilustrátor (Illustrator)
Format: Book
Language:Slovak
PhysicalDescription:84 s. ilustr. 21 cm
Published: Bratislava Margita Svobodová 1999
ISBN:8088968003
Edition:3. vyd.
Subjects:

MARC

LEADER 00000nam a2200000 a 4500
001 vtls001385318
003 SK-MaSNL
005 20260301161457.0
008 240314s1999 xo a r 0 slo
015 |a SNBA2000/05-01517 
020 |a 8088968003 
035 |a SNK000339445 
040 |a SNK  |b slo  |c SNK  |e AACR2 
041 0 |a slo 
044 |a xo  |c SK 
080 |a 372.46(035)(076.5)  |2 1981 
100 1 |a Svobodová, Margita  |4 aut  |9 16944 
245 1 0 |a Pohrajme sa s diktátikmi v prvom ročníku ZŠ  |b pomôcka pre učiteľa i rodiča : pracovný zošit pre žiaka  |c Margita Svobodová 
250 |a 3. vyd. 
260 |a Bratislava  |b Margita Svobodová  |c 1999 
300 |a 84 s.  |b ilustr.  |c 21 cm 
500 |a Ilustr. Wolfgang Bleisteiner, Aleš Svoboda 
650 0 7 |a slovenčina  |2 SNK  |9 1350 
655 7 |a príručky  |2 SNK  |9 74364 
700 1 |a Bleisteiner, Wolfgang  |4 ill  |9 42935 
700 1 |a Svoboda, Aleš  |c ilustrátor  |4 ill  |9 385056 
919 |a 80-88968-00-3 
958 |a TL 
999 |c 809591  |d 811521 
952 |t P60, <09>, [BOOK], {629}  |a SNK  |b SNK  |y NEVYP  |7 0  |o snkC 191  |i snk399/20000322  |0 0  |1 0  |4 0  |d 2000-03-21  |l 0  |r 2005-01-02 00:00:00  |w 2026-02-24 
952 |t P60, <04>, [BOOK], {604}  |a SNK  |b SNK  |y VYP  |7 0  |p 17A0232592  |o snkSD 70732 D1  |i snkKSP 3162/2000  |0 0  |1 0  |4 0  |d 2000-03-21  |l 0  |r 2005-01-02 00:00:00  |w 2026-02-24 
952 |t P60, <03>, [BOOK], {603}  |a SNK  |b SNK  |y PREZ  |7 0  |p 17A0232591  |o snkSD 70732  |i snkKSP 3161/2000  |0 0  |1 0  |4 0  |d 2000-03-21  |l 0  |r 2005-01-02 00:00:00  |w 2026-02-24